| 000 | 00997nam a2200301 i 4500 | ||
|---|---|---|---|
| 001 | 8194 | ||
| 003 | ES-MaACL | ||
| 005 | 20250827062554.0 | ||
| 007 | t| | ||
| 008 | 920303s1991 sp ||||1| spa d | ||
| 020 | _a84-7398-928-7 | ||
| 080 | _a347.7(46)(094.4) | ||
| 110 | 1 |
_aEspaña _93622 |
|
| 240 | 1 | 0 | _aLey hipotecaria, 1946 |
| 245 | 1 | 0 |
_aLegislación hipotecaria y del registro mercantil / _cedición preparada por José Manuel García y García. |
| 250 | _a[12ª ed.]. | ||
| 260 |
_aMadrid : _bCivitas, _c1991. |
||
| 300 |
_a844 p. ; _c16 cm. |
||
| 490 | 1 |
_aBiblioteca de legislación ; _v21 |
|
| 650 | 4 |
_aHipotecas- _zEspaña- _vLegislación. _913366 |
|
| 650 | 1 | 4 |
_aRegistro mercantil- _zEspaña- _vLegislación. _916770 |
| 655 | 0 |
_aLegislación _9226283 |
|
| 700 | 1 |
_aGarcía y García, José Manuel. _955434 |
|
| 830 | 0 |
_aBiblioteca de legislación ; _v21 _9177899 |
|
| 852 |
_aES-MaACL _jL-15396 _bR.127148 _98422 _cDEPOJ |
||
| 942 | _2udc | ||
| 999 |
_c8194 _d8194 |
||